Die 4 größten Städte pro Bundesland (Deutschland) - Statistiken

Allgemein
  • Dieses Quiz wurde 285 mal gespielt
  • Das Durchschnittsergebnis liegt bei 41 aus 64
Antwortstatistiken
Einwohner Städte % Korrekt
1.510.378 München
97%
633.484 Stuttgart
96%
763.380 Frankfurt am Main
95%
1.087.353 Köln
93%
526.091 Nürnberg
93%
566.222 Dresden
92%
631.217 Düsseldorf
92%
248.873 Kiel
91%
619.879 Leipzig
91%
183.509 Saarbrücken
91%
577.026 Bremen
90%
595.471 Dortmund
90%
548.186 Hannover
89%
220.552 Mainz
89%
187.119 Potsdam
89%
114.677 Bremerhaven
87%
278.474 Wiesbaden
87%
215.675 Erfurt
86%
240.114 Magdeburg
86%
98.596 Schwerin
86%
303.150 Augsburg
85%
586.608 Essen
85%
209.920 Rostock
85%
237.244 Freiburg im Breisgau
81%
309.964 Karlsruhe
80%
316.877 Mannheim
80%
92.667 Flensburg
78%
110.791 Jena
76%
202.137 Kassel
76%
219.044 Lübeck
76%
159.465 Regensburg
75%
252.066 Braunschweig
74%
250.681 Chemnitz
73%
242.172 Halle (Saale)
71%
159.878 Darmstadt
69%
100.010 Cottbus
65%
73.921 Brandenburg an der Havel
63%
94.847 Gera
63%
174.629 Oldenburg
62%
115.268 Koblenz
61%
112.195 Trier
61%
166.960 Osnabrück
60%
87.593 Zwickau
55%
174.265 Ludwigshafen am Rhein
52%
59.691 Greifswald
49%
63.989 Neubrandenburg
49%
280.838 Altona
46%
65.611 Weimar
46%
79.686 Dessau-Roßlau
45%
42.498 Homburg
43%
343.081 Charlottenburg-Wilmersdorf
39%
58.818 Frankfurt (Oder)
38%
47.097 Neunkirchen
38%
424.307 Pankow
28%
82.719 Norderstedt
25%
45.588 Wittenberg
24%
40.358 Völklingen
22%
397.134 Berlin-Mitte
19%
355.868 Tempelhof-Schöneberg
17%
312.641 Hamburg-Mitte
16%
455.185 Wandsbek
9%
328.454 Hamburg-Nord
8%
43.241 Neustadt
8%
41.621 Hemelingen
3%
Keine übereinstimmenden Quizze gefunden
Verteilung der Resultate
Anzahl Personen mit jedem Resultat
Perzentil nach korrekt beantworteten Fragen
Ihre Resultats-Entwicklung
Sie haben dieses Quiz noch nicht gespielt